000 00829nam a2200217 a 4500
003 0
005 20250203095501.0
008 130729s19uu xx 00 eng d
050 _aPHS LB 1060
_b.R696 2013
100 _aRodriguez, Princess Vanessa A.
245 _aStress management of homogenous and heterogeneous grade 11 students /
_cPrincess Vanessa A. Rodriguez.
260 _aLas PiƱas City, Philippines :
_bSouthville International School and Colleges,
_c2013.
300 _a29 p. :
_bill. ;
_c28 cm.
504 _aIncludes bibliographical references.
650 _aStress management in adolescence.
650 _aHigh school students
_vMental health.
650 _aHomogeneous grouping (Education).
650 _aHeterogeneous grouping (Education).
650 _aCoping behavior in adolescence.
942 _2lcc
_cPASS
999 _c98910
_d98910